000 00391cam a22001217a 4500
008 180718b1986 xxu||||| |||| 00| 0 eng d
082 _aT31 Sa21g
245 _aGlobal giants the other side
_cedited by M.K. Saini
260 _aDelhi
_bIndian Institute of Research on Transnational Corporations
_c1986
300 _a222p.
650 _aInternational business enterprises
700 _aSaini, M.K.
999 _c353136
_d353136